Jane Fonda Filmography - Statistics

General Stats
  • This quiz has been taken 225 times
    18 since last reset
  • The average score is 18 of 267
Answer Stats
Type Year Name % Correct
Film 1971 Klute
93%
Film 1978 Coming Home
79%
Film 2005 Monster-in-Law
79%
Film 1981 On Golden Pond
79%
Film 1968 Barbarella
64%
Film 1967 Barefoot in the Park
64%
Film 2018 Book Club
64%
TV Show 2019 Saturday Night Live
64%
Film 1979 The China Syndrome
64%
Film 1980 9 to 5
57%
TV Show 1982 9 to 5
57%
Documentary 2020 9to5: The Story of a Movement
57%
Web Series 2015-2022 Grace and Frankie
57%
Film 2023 80 for Brady
50%
Film 2023 Book Club 2: The Next Chapter
43%
Film 1965 Cat Ballou
43%
Film 1977 Julia
43%
Film 1969 They Shoot Horses, Don't They?
43%
Award Show 1977 The 49th Annual Academy Awards
36%
Award Show 1986 The 58th Annual Academy Awards
36%
TV Show 2014 The Simpsons
36%
Film 2022 Luck
29%
Film 2022 Moving On
29%
Film 2017 Our Souls at Night
29%
Film 2013 The Butler
29%
Film 1986 The Morning After
29%
Documentary 1962 Jane
21%
Film 2023 Ruby Gillman, Teenage Kraken
21%
Film 1962 Walk on the Wild Side
21%
Film 2007 Georgia Rule
14%
Film 1963 In the Cool of the Day
14%
Film 1990 Stanley & Iris
14%
Film 1963 Sunday in New York
14%
TV Film 1984 The Dollmaker
14%
Film 1979 The Electric Horseman
14%
TV Show 2012-2014 The Newsroom
14%
Exercise Video 1982 Workout
14%
Theater 2009, 2011 33 Variations
7%
Documentary Mini-Series 1994 A Century of Women
7%
Film 1973 A Doll's House
7%
Film 1985 Agnes of God
7%
Film 2011 All Together
7%
Film 1966 Any Wednesday
7%
Film 2014 Better Living Through Chemistry
7%
Film 1978 California Suite
7%
Film 1978 Comes a Horseman
7%
TV Show 2016-2018 Elena of Avalor
7%
Film 2015 Fathers and Daughters
7%
Film 1977 Fun with Dick and Jane
7%
Film 1967 Hurry Sundown
7%
Documentary 2018 Jane Fonda in Five Acts
7%
Film 1989 Old Gringo
7%
Film 2011 Peace, Love & Misunderstanding
7%
Film 1981 Rollover
7%
Documentary 2002 Searching for Debra Winger
7%
Film 1973 Steelyard Blues
7%
Film 1960 Tall Story
7%
Award Show 1976 The 30th Annual Tony Awards
7%
Film 1976 The Blue Bird
7%
TV Show 2020 The Ellen DeGeneres Show
7%
TV Show 1962 The Tonight Show
7%
TV Show 1962 The Tonight Show Starring Jack Paar
7%
TV Show 1967-1989 The Tonight Show Starring Johnny Carson
7%
Film 2024 This Is Me... Now
7%
Film 2014 This Is Where I Leave You
7%
TV Show 1960, 1963, 1964, 1967 What's My Line?
7%
TV Show 2020 Who Wants to Be a Millionaire?
7%
Film 2015 Youth
7%
Documentary Series 2001, 2012 20/20
0%
Short Documentary 2021 2020: The Lost Year
0%
Documentary Series 2005, 2008 60 Minutes
0%
TV Documentary 1999 A Celebration: 100 Years of Great Women
0%
Documentary 1994 A Century of Cinema
0%
Documentary Series 2021 Action Planet
0%
TV Special 1987 AFI Life Achievement Award: A Tribute to Barbara Stanwyck
0%
TV Special 1977 AFI Life Achievement Award: A Tribute to Bette Davis
0%
TV Special 2019 AFI Life Achievement Award: A Tribute to Denzel Washington
0%
TV Special 2017 AFI Life Achievement Award: A Tribute to Diane Keaton
0%
TV Special 1981 AFI Life Achievement Award: A Tribute to Fred Astaire
0%
TV Special 1989 AFI Life Achievement Award: A Tribute to Gregory Peck
0%
TV Special 1978 AFI Life Achievement Award: A Tribute to Henry Fonda
0%
TV Special 2014 AFI Life Achievement Award: A Tribute to Jane Fonda
0%
TV Special 2004 AFI Life Achievement Award: A Tribute to Meryl Streep
0%
TV Special 2008 AFI Life Achievement Award: A Tribute to Warren Beatty
0%
Commercial 2006 Age Re-Perfect by L'Oréal Paris
0%
Documentary 2019 Alan Pakula: Going for Truth
0%
TV Special 1980 All-Star Party for Jack Lemmon
0%
TV Special 1962 A Look at the Look
0%
Documentary 1981 American Mythologies
0%
TV Documentary 2014 And the Oscar Goes To...
0%
Documentary 1971 Angela Davis: Portrait of a Revolutionary
0%
Documentary 1975 Anna
0%
Documentary 2020 Artists United for Amazonia: Protecting the Protectors
0%
TV Film 1961 A String of Beads
0%
Short Documentary 1967 Barbarella City
0%
TV Documentary 1992 Battle for the Great Plains
0%
TV Show 2008 Battleground Earth: Ludacris vs. Tommy Lee
0%
TV Documentary 2006 Beautiful Daughters
0%
TV Documentary 2014 Becoming California
0%
Documentary Series 1997, 2000, 2002, 2004 Biography
0%
Documentary 2022 Body Parts
0%
TV Documentary 2007 Brando
0%
Documentary 2021 Broadway: Beyond the Golden Age
0%
TV Special 1983 Celebrate America: A Star Spangled Entertainment Spectacular
0%
TV Show 1987 Champs-Elysées
0%
Documentary Series 1963 Cinépanorama
0%
Film 1964 Circle of Love
0%
Documentary 2020 Citizen Jane, l'Amérique selon Fonda
0%
Exercise Video 1988 Complete Workout
0%
TV Documentary 2003 Complicated Women
0%
Short Film 2015 Connected
0%
TV Documentary 1989 Crossing Borders: The Journey of Carlos Fuentes
0%
Documentary 1979 Cultural Celebrities
0%
Documentary Series 2022 Dear...
0%
TV Show 1976-1977 Dinah!
0%
TV Documentary 2019 Dolly Parton: Here I Am
0%
Web Series 2024-2025 Dream Requiem
0%
TV Film 2016 Elena and the Secret of Avalor
0%
Documentary Series 2005 E! True Hollywood Story
0%
Exercise Video 1993 Favorite Fat Burners
0%
Documentary 2018 Feminists: What Were They Thinking?
0%
TV Documentary 1992 Fonda on Fonda
0%
Documentary 1972 FTA
0%
TV Special 2002 Gala Paramount Pictures Celebrates 90th Anniversary with 90 Stars for 90 Years
0%
Documentary 2000 Generation 2000: Changing Girls' Realities
0%
Documentary 2011 Get Real! Wise Women Speak
0%
TV Documentary 1988 Gregory Peck: His Own Man
0%
Documentary 2018 Hal
0%
Music Video 1986 Hands Across America
0%
Documentary 2018 Holly Near: Singing for Our Lives
0%
TV Special 1978 Hollywood's Diamond Jubilee
0%
TV Show 2001 Hollywood Squares
0%
Documentary TBA IMPACT - Dick Gregory
0%
Documentary 2007 In the Company of Actors
0%
Documentary 1974 Introduction to the Enemy
0%
Theater 1960-1961 Invitation to a March
0%
Exercise Video 2012 Jane Fonda AM/PM Yoga for Beginners
0%
Short TV Documentary 1976 Jane Fonda - Die Freiheit im Engagement
0%
Web Special 2022 Jane Fonda & Lily Tomlin: Ladies Night Live
0%
Exercise Video 2011 Jane Fonda: Prime Time - Firm & Burn
0%
Exercise Video 2010 Jane Fonda: Prime Time - Fit & Strong
0%
Exercise Video 2011 Jane Fonda: Prime Time - Trim, Tone & Flex
0%
Exercise Video 2010 Jane Fonda: Prime Time - Walkout
0%
Exercise Video 1985 Jane Fonda's Easy Going Workout
0%
Exercise Video 1990 Jane Fonda's Workout Presents Fun House Fitness: The Fun House Funk
0%
Exercise Video 1990 Jane Fonda's Workout Presents Fun House Fitness: The Swamp Stomp
0%
Documentary 2014 Journey to Sundance
0%
Film 1964 Joy House
0%
TV Show 2009 Kathy Griffin: My Life on the D-List
0%
TV Documentary 2012 La classe américaine
0%
Music Video 1984 L.A. Is My Lady
0%
TV Special 1992 Laughing Back: Comedy Takes a Stand
0%
Exercise Video 1990 Lean Routine Workout
0%
Film 1987 Leonard Part 6
0%
Film 1972 Letter to Jane
0%
Exercise Video 1989 Light Aerobics and Stress Reduction Program
0%
TV Special 1982 Lily for President?
0%
TV Special 1981 Lily: Sold Out
0%
Web Special 2015 Los Angeles Theatre Works 40th Anniversary Gala
0%
TV Special 2021 Love in Action: A Telethon to Support the Los Angeles LGBT Center
0%
Exercise Video 1991 Lower Body Solution
0%
Exercise Video 1986 Low Impact Aerobic Workout
0%
TV Special 1980 Magic Night
0%
TV Special 2020 Make It Work!
0%
Documentary 2025 Marilyn Minter: Pretty/Dirty
0%
Short Film 2013 Men Expert L'Oréal
0%
Documentary 2011 Miss Representation
0%
Documentary 1983 Montgomery Clift
0%
TV Documentary 1991 Mysterious Elephants of the Congo
0%
Documentary 2024 My Way
0%
TV Documentary 1987 NBC News Report on America: Life in the Fat Lane
0%
Exercise Video 1985 New Workout
0%
TV Special 1982 Night of 100 Stars
0%
TV Special 1990 Night of 100 Stars III
0%
Theater 1960 No Concern of Mine
0%
Concert Film 1980 No Nukes
0%
Web Series 2018 Norm Macdonald Has a Show
0%
Documentary 2014 Olga
0%
TV Documentary 1984 Olympic Gala
0%
TV Special 1986 One Voice
0%
TV Show 1962 Password
0%
TV Show 1962, 1963 Password
0%
TV Documentary 1994 People Count: Facts of the Heart
0%
Film 1962 Period of Adjustment
0%
Exercise Video 1995 Personal Trainer Series: Abs, Buns & Thighs
0%
Exercise Video 1995 Personal Trainer Series: Low Impact Aerobics & Stretch
0%
Exercise Video 1995 Personal Trainer Series: Total Body Sculpting
0%
Documentary Series 1960, 1961 Person to Person
0%
TV Documentary 2019 Planet California
0%
TV Documentary 2025 Power of Women
0%
Exercise Video 1983 Pregnancy, Birth and Recovery Workout
0%
TV Documentary 1972 Propheten und Geschäftemacher
0%
Documentary 2006 Purvis of Overtown
0%
Documentary 2022 Radioactive: The Women of Three Mile Island
0%
Documentary 2019 Robert Scheer: Above the Fold
0%
Film 2021 Senior Entourage
0%
Documentary Mini-Series 2004 Sex 'n' Pop
0%
Documentary 2005 Sir! No Sir!
0%
Documentary 1981 Sois belle et tais-toi!
0%
Documentary Series 2025 Somebody Feed Phil
0%
Film 1968 Spirits of the Dead
0%
Exercise Video 1987 Sports Aid
0%
TV Documentary 2006 Stardust: The Bette Davis Story
0%
TV Documentary 1981 Starring Katharine Hepburn
0%
Exercise Video 1987 Start Up
0%
Exercise Video 1992 Step Aerobic and Abdominal Workout
0%
Exercise Video 1994 Step and Stretch Workout
0%
Documentary 2022 Still Working 9 to 5
0%
Web Series 2021-2022 Stoner Cats
0%
Documentary Series 2023 Storyville
0%
Theater 1963 Strange Interlude
0%
TV Special 1977 Superstunt
0%
Web Special 2018 Telethon for America
0%
Documentary 2004 Tell Them Who You Are
0%
Documentary Series 2018 The '80s Greatest
0%
Documentary 2023 The 9 Lives of Barbara Dane
0%
TV Special 1987 The American Jewish Committee Annual Honors Present a Salute to Merv Adelson
0%
TV Special 1987 The Annual ACLU Honors: A Salute to Michael Douglas
0%
TV Special 1985 The Annual ACLU Tribute: A Salute to Sidney Lumet
0%
Short Documentary 2013 The California Environmental Legacy Project
0%
Film 1962 The Chapman Report
0%
Film 1966 The Chase
0%
Documentary Mini-Series 2022 The Checkup with Dr. David Agus
0%
Documentary 2014 The Club
0%
TV Show 1989 The Dame Edna Experience
0%
TV Show 2011 The Dr. Oz Show
0%
TV Show 1965 The Eamonn Andrews Show
0%
TV Special 1990 The Earth Day Special
0%
Documentary 2009 The Feminist Initiative
0%
TV Special 1992 The Film Society of Lincoln Center Annual Gala Tribute to Gregory Peck
0%
Theater 1962 The Fun Couple
0%
Web Special 2020 The Future Is Ours. The Moment Is Now.
0%
Film 1966 The Game Is Over
0%
Short Documentary 1968 The Girls
0%
TV Show 1971 The Great American Dream Machine
0%
Documentary 2024 The Greatest Love Story Never Told
0%
TV Special 1979 The Helen Reddy Special
0%
Documentary Series 2005 The Hollywood Greats
0%
TV Show 1982 The John Davidson Show
0%
Web Series 2024, 2025 The Kardashians
0%
TV Special 2014 The Kennedy Center Honors: A Celebration of the Performing Arts
0%
TV Show 1989 The Magical World of Disney
0%
TV Documentary 1986 The Making of 'Captain Eo'
0%
Theater 1956 The Male Animal
0%
TV Special 2003 The Mark Twain Prize: Lily Tomlin
0%
TV Show 2021 The Masked Singer
0%
TV Show 1962-1982 The Merv Griffin Show
0%
TV Show 1974-1979 The Mike Douglas Show
0%
TV Show 1970 The Movie Game
0%
Theater 1960 There Was a Little Girl
0%
Documentary 2019 The Soul of the Machine
0%
TV Special 1984 The Stars Salute the U.S. Olympic Team
0%
Theater 2025 This Is Crazy!
0%
Exercise Video 1987 Toning and Shaping
0%
Film 1972 Tout Va Bien
0%
TV Documentary 1988 Unauthorized Biography: Jane Fonda
0%
Documentary 2003 V-Day: Until the Violence Stops
0%
Documentary 2020 Waging Change
0%
TV Show 1987, 1989 Wanna Bet?
0%
TV Documentary 1985 We Are the World
0%
Documentary 2015 Women He's Undressed
0%
Documentary 2018 Women Make Film: A New Road Movie Through Cinema
0%
Exercise Video 1983 Workout Challenge
0%
Exercise Video 1987 Workout with Weights
0%
Documentary Series 1970 World in Action
0%
Web Special 2021 Yearly Departed
0%
Exercise Video 1993 Yoga Exercise Workout
0%
No matching quizzes found
Score Distribution
Percent of People with Each Score
Percentile by Number Answered
Your Score History
You have not taken this quiz since the last reset